00818nam a2200193 a 4500003000200000005001700002008004100019050003000060100003100090245009000121260009200211300004000303504004100343650005200384650003600436650004600472650005600518650005000574020250424135150.0970114s19uu xx 00 eng d aPGS HV 887.P6b.G643 2003 aGonzales, John Benedict O. aA study of street children in Almanza, Las Piñas City /cJohn Benedict O. Gonzales. aLas Piñas City, Philippines : bSouthville International School and Colleges,c2003. a19 pages :billustrations ;c28 cm. aIncludes bibliographical references. aStreet childrenzPhilippineszLas Piñas City. aHomeless childrenzPhilippines. aChildrenvSocial conditionszPhilippines. aUrban poor childrenzPhilippineszLas Piñas City. aChild welfarezPhilippineszLas Piñas City.